D.A. to D.Z. Initially Quiz Stats

Quiz Updated Nov 8, 2016

Also try: GG Things
Challenge
Share
Tweet
Embed
Score 0/26 Timer 07:00
3 Plays Today
Initials Answer % Correct
D.K.Donkey Kong
92.2%
D.R.Dominican Republic
90.2%
D.P.Death penalty
80.6%
D.F.Dental floss
78.1%
D.L.Driver's license
76.4%
D.D.Donald Duck
73.8%
D.S.Dead Sea
73.7%
D.Q.Don Quixote
71.6%
D.H.Die Hard
66.9%
D.E.Dale Earnhardt
66.5%
D.J.Derek Jeter
65.2%
D.C.Dallas Cowboys
65.2%
D.I.Divine intervention
61.9%
Initials Answer % Correct
D.A.Dan Aykroyd
61.4%
D.U.Duke University
61.2%
D.G.Dorothy Gale
55.2%
D.N.Double negative
54.1%
D.W.Doo Wop
52.9%
D.B.Das Boot
51.5%
D.T.Deep Throat
48.7%
D.V.Darth Vader
47.5%
D.O.Dutch oven
39.6%
D.M.Depeche Mode
36.1%
D.Z.Doctor Zhivago
25.4%
D.X.D-Generation X
21.4%
D.Y.David Yates
13.6%

You're not logged in!

Compare scores with friends on all Sporcle quizzes.
Sign Up with Email
OR
Log In

You Might Also Like...

Show Comments

Extras

Top Quizzes Today


Score Distribution

Your Account Isn't Verified!

In order to create a playlist on Sporcle, you need to verify the email address you used during registration. Go to your Sporcle Settings to finish the process.